| 000 | 00438nam a22001697a 4500 | ||
|---|---|---|---|
| 999 |
_c20092 _d20092 |
||
| 003 | BDDh-ASL | ||
| 005 | 20231015025838.0 | ||
| 008 | 201225s1925 en ||||| |||| 00| 0 eng d | ||
| 040 | _cBDDh-ASL | ||
| 082 |
_a260 _bKHS |
||
| 100 | 1 |
_92586 _aKamal-Ud-din, Khwaja |
|
| 245 | 1 | 4 | _aThe Sources of Christianity / |
| 260 |
_bThe Basheer Muslim Library, _c1925. |
||
| 300 |
_a261. _c19 cm. |
||
| 650 | 0 |
_92587 _aChristianity |
|
| 942 |
_2ddc _cBK |
||